Vista normal
Vista MARC
Entrada Topical Term
Número de registros utilizados en: 1
001 - CONTROL NUMBER
- control field: 3270
003 - CONTROL NUMBER IDENTIFIER
- control field: OSt
005 - DATE AND TIME OF LATEST TRANSACTION
- control field: 20200420140654.0
008 - FIXED-LENGTH DATA ELEMENTS
- fixed length control field: 200420|| aca||aabn | a|a d
040 ## - CATALOGING SOURCE
- Original cataloging agency: OSt
- Transcribing agency: OSt
150 ## - HEADING--TOPICAL TERM
- Topical term or geographic name entry element: Cuentos infantiles
670 ## - SOURCE DATA FOUND
- Source citation: Work cat.: (OSt)3758: Grimm, Jacob Ludwig Karl, 1785-1863 autor 3269, Relatos para niños y otros lectores /